000 00989nam a22002177a 4500
999 _c9532
_d9532
003 AR-CdUCM
008 190328b ||||| |||| 00| 0 spa d
040 _aMUNICIPALIDAD PROVINCIAL DEL CUSCO
_cBIBLIOTECA MUNICIPAL DEL CUSCO
082 _a634.956 /
_bT48
100 _aThompson, Robert A.
_925800
245 _aEl Transplante de arboles y otras plantas leñosas :
_bServicio de parques nacionales departamento del interior de los Estados Unidos de America /
260 _aMexico :
_bCentro regional de ayuda tecnica agencia para el desarrollo internacional (A.I.D),
_c1954.
300 _aVII, 54 paginas ;
_bilustraciones, graficos, tablas, cuadros,
_c22 cm.
505 _aContenido: seleccion de las plantas -- el transplante de pequeños arboles y arbustos -- traslado de arboles grandes -- maquinaria para mover arboles
650 _aArboles
_91488
650 _aPlantas
_919530
650 _aLeñas
_925801
650 _aFlora y Fauna
_99702
942 _2ddc
_cLIBROS
945 _apjha